Krajská knižnica Karola Kmeťka v Nitre
Uložené v:
| Hlavný autor: | |
|---|---|
| Ďalší autori: | |
| Médium: | Rukopis Kniha |
| Jazyk: | Slovak |
| Vydavateľské údaje: |
2025
|
| Predmet: | |
| On-line prístup: | http://is.stuba.sk/zp/portal_zp.pl?podrobnosti=185760 |
| Tagy: |
Žiadne tagy, Buďte prvý, kto otaguje tento záznam!
|
MARC
| LEADER | 00000ntm a22000003a 4500 | ||
|---|---|---|---|
| 001 | stuzp105110 | ||
| 003 | SK-STU | ||
| 005 | 20250607211135.5 | ||
| 007 | ta | ||
| 008 | 150427s2015----xo-----f-mn---000-0-slo-d | ||
| 040 | |a STU |b slo | ||
| 041 | 0 | |a slo | |
| 100 | 1 | |a Lukajková, Aneta |u 055150 |4 aut |U FAD Fakulta architektúry a dizajnu |T FAD Ústav interiéru a výstavníctva |X 103757 |U A5150 |Y 396 |7 103757 | |
| 242 | 0 | 1 | |a Regional Library of Karol Kmet'ko in Nitra |y eng |
| 245 | 1 | 0 | |a Krajská knižnica Karola Kmeťka v Nitre |
| 260 | |c 2025 | ||
| 650 | 4 | |a library |2 eng | |
| 650 | 4 | |a Nitra |2 eng | |
| 650 | 4 | |a interior design |2 eng | |
| 650 | 4 | |a revitalization |2 eng | |
| 650 | 4 | |a Nitra |2 slo | |
| 650 | 4 | |a revitalizácia |2 slo | |
| 650 | 4 | |a knižnica |2 slo | |
| 650 | 4 | |a interiérový dizajn |2 slo | |
| 700 | 1 | |a Borysko, Wanda |u 059190 |k Z1 |4 ths |U FAD Fakulta architektúry a dizajnu |T FAD Ústav dizajnu |X 65663 |U A9190 |Y 400 |7 A000065663 | |
| 856 | 4 | |u http://is.stuba.sk/zp/portal_zp.pl?podrobnosti=185760 | |